[Event "33. Potsdamer Weihnachtsturnier"]
[Site "Potsdam"]
[Date "2008.12.29"]
[Round "6.25"]
[White "Bachmann, Volker"]
[Black "Wolf, Carolin"]
[Result "1-0"]
[WhiteElo "2083"]
[BlackElo "1676"]
[PlyCount "77"]
[EventDate "2009.??.??"]
[WhiteTeam "SC Empor Potsdam 1952 e.V."]
[BlackTeam "SV Glueck auf Ruedersdorf e.V."]

1. f4 d5 2. Nf3 c5 3. g3 Nf6 4. Bg2 e6 5. O-O Bd6 6. d3 O-O 7. Nc3 Nc6 8. e4
dxe4 9. dxe4 e5 10. f5 Nd4 11. Bg5 h6 12. Bxf6 Qxf6 13. Nd5 Qd8 14. f6 g6
15. Nd2 b5 16. c3 Ne6 17. a4 Ba6 18. axb5 Bxb5 19. Rf2 c4 20. Kh1 Nc5 21. Bf1
Qd7 22. Qf3 Rac8 23. Nxc4 Nb3 24. Nxd6 Qxd6 25. Ne7+ Kh7 26. Nxc8 Rxc8 27. Rxa7
Bxf1 28. Rxf7+ Kg8 29. Rg7+ Kf8 30. Rxf1 Nd2 31. Rd1 Rd8 32. Qe3 Qxf6 33. Rc7
g5 34. Kg2 g4 35. Rxd2 Qf3+ 36. Qxf3+ gxf3+ 37. Kxf3 Rxd2 38. b4 Rxh2 39. Kg4
1-0

[Event "33. Potsdamer Weihnachtsturnier"]
[Site "Potsdam"]
[Date "2008.12.29"]
[Round "6.26"]
[White "Zorn, Nico"]
[Black "Muehlhan, Klaus"]
[Result "0-1"]
[WhiteElo "1368"]
[BlackElo "1988"]
[PlyCount "80"]
[EventDate "2009.??.??"]
[WhiteTeam "SC Einheit Luckau, Abt. Schach"]
[BlackTeam "SC Empor Potsdam 1952 e.V."]

1. c4 c5 2. g3 e6 3. Bg2 Qc7 4. Nc3 a6 5. b3 Nf6 6. Bb2 Be7 7. d4 cxd4 8. Qxd4
Nc6 9. Qd1 b6 10. Nf3 Bb7 11. O-O O-O 12. e3 Rad8 13. Qc2 d5 14. cxd5 Nb4
15. Qe2 Nbxd5 16. Nxd5 Nxd5 17. Nd4 Qc8 18. Qc2 Qa8 19. Nf3 Rc8 20. Qe2 Nb4
21. Ne1 Bxg2 22. Nxg2 Rc2 23. Qd1 Rxb2 24. Qd7 Bc5 25. Rfd1 Rxa2 26. Rxa2 Nxa2
27. Rd2 Nb4 28. Nf4 Qc6 29. Qxc6 Nxc6 30. Rd1 Rd8 31. Rxd8+ Nxd8 32. Nd3 Nc6
33. Kf1 Kf8 34. Ke2 Ke7 35. Nb2 Na5 36. h4 Nxb3 37. f4 b5 38. g4 a5 39. e4 a4
40. Nd1 b4 0-1

[Event "33. Potsdamer Weihnachtsturnier"]
[Site "Potsdam"]
[Date "2008.12.29"]
[Round "6.27"]
[White "Bach, Markus"]
[Black "Eichstaedt, Mirko"]
[Result "1-0"]
[WhiteElo "1959"]
[BlackElo "1410"]
[PlyCount "63"]
[EventDate "2009.??.??"]
[WhiteTeam "TSV Großschoenau"]
[BlackTeam "USV Potsdam e.V., Abt. Schach"]

1. d4 d5 2. Bg5 f6 3. Bh4 Bf5 4. e3 Nd7 5. c4 e6 6. Nc3 Bb4 7. Qb3 Bxc3+
8. bxc3 dxc4 9. Bxc4 Nb6 10. Bxe6 Bxe6 11. Qxe6+ Qe7 12. Qxe7+ Nxe7 13. Ne2 Rc8
14. O-O h5 15. f3 g5 16. Bf2 g4 17. Rab1 f5 18. e4 gxf3 19. gxf3 Rg8+ 20. Kh1
fxe4 21. fxe4 Rg4 22. e5 Kd7 23. h3 Re4 24. Ng3 Rh4 25. Kh2 Rf8 26. Be3 Rg8
27. Rbe1 Ned5 28. Bc1 Nxc3 29. e6+ Kd8 30. e7+ Ke8 31. Ba3 Nd7 32. Rf8+ 1-0

[Event "33. Potsdamer Weihnachtsturnier"]
[Site "Potsdam"]
[Date "2008.12.29"]
[Round "6.28"]
[White "Hahn, Thomas"]
[Black "Schaarschmidt, Kay"]
[Result "0-1"]
[WhiteElo "1781"]
[BlackElo "1942"]
[PlyCount "126"]
[EventDate "2009.??.??"]
[WhiteTeam "SC Empor Potsdam 1952 e.V."]
[BlackTeam "Muldental Wilkau-Hasslau"]

1. d4 Nf6 2. Bf4 g6 3. e3 Bg7 4. Nf3 d6 5. Bd3 Nbd7 6. O-O O-O 7. Nbd2 Re8
8. Bg5 c5 9. c3 Qb6 10. Rb1 e5 11. dxe5 dxe5 12. Qa4 Qd6 13. Bxf6 Qxd3 14. Bxg7
Kxg7 15. Qe4 Qa6 16. Qc4 b5 17. Qd5 Qb7 18. e4 Qxd5 19. exd5 Bb7 20. Ne4 Bxd5
21. Nd6 Re7 22. Rfe1 Bxf3 23. gxf3 a6 24. Rbd1 Kf8 25. Rd5 c4 26. Ne4 f5
27. Ng5 h6 28. Ne6+ Kf7 29. Rd6 Rxe6 30. Rxd7+ Kf6 31. h4 g5 32. h5 g4 33. fxg4
fxg4 34. Rh7 Kg5 35. Rg7+ Kf5 36. Kg2 Rd8 37. Rf7+ Rf6 38. Re7 Rd5 39. Kg3 a5
40. a3 Rd3+ 41. Kg2 {(=)} 41... Re6 42. Rf7+ Kg5 43. Rf8 e4 44. Rg8+ Kf5
45. Rf8+ Ke5 46. Rb8 Rd5 47. Kg3 Kf6 48. Rf8+ Kg7 49. Rf4 Rxh5 50. Rexe4 Rxe4
51. Rxe4 Rg5 52. a4 h5 53. axb5 Rxb5 54. Rxc4 Kg6 55. Kh4 Rxb2 56. Rc5 Rxf2
57. Rg5+ Kf6 58. Rxa5 Rf5 59. Ra6+ Ke5 60. Ra4 Kd6 61. c4 Ke5 62. c5 Kd5
63. Ra5 Ke6 0-1

[Event "33. Potsdamer Weihnachtsturnier"]
[Site "Potsdam"]
[Date "2008.12.29"]
[Round "6.29"]
[White "Klemm, David"]
[Black "Schiffermueller, Stefan"]
[Result "0-1"]
[WhiteElo "1745"]
[BlackElo "1939"]
[PlyCount "70"]
[EventDate "2009.??.??"]
[WhiteTeam "Muldental Wilkau-Hasslau"]
[BlackTeam "SC Empor Potsdam 1952 e.V."]

1. e4 {[%emt 0:00:00]} 1... c5 2. c3 d5 3. exd5 Qxd5 4. d4 Nc6 5. Nf3 Nf6
6. Be2 e6 7. O-O Be7 8. Be3 cxd4 9. Nxd4 e5 10. c4 Qd6 11. Nb5 Qb8 12. N1c3 a6
13. Na3 O-O 14. Bf3 Bf5 15. Bd5 Bd6 16. Qf3 Bg4 17. Qg3 Nd4 18. Bg5 e4 19. Qe3
Nf5 20. Qe1 Bxh2+ 21. Kh1 Nxd5 22. Nxd5 Qe5 23. Nb6 Nd4 24. f4 exf3 25. Qxe5
Bxe5 26. Nxa8 Rxa8 27. Rab1 f6 28. Be3 Nf5 29. Bf2 Rd8 30. Be1 fxg2+ 31. Kxg2
Ne3+ 32. Kf2 Nxf1 33. Kxf1 Bf5 34. Ba5 Bxb1 35. Bxd8 Bxa2 0-1

[Event "33. Potsdamer Weihnachtsturnier"]
[Site "Potsdam"]
[Date "2008.12.29"]
[Round "6.30"]
[White "Petrak, Falk"]
[Black "Markus, Nico"]
[Result "1/2-1/2"]
[WhiteElo "1728"]
[BlackElo "1909"]
[PlyCount "77"]
[EventDate "2009.??.??"]
[WhiteTeam "Potsdamer SV Mitte e.V."]
[BlackTeam "SV Sangerhausen e. V."]

1. Nf3 Nf6 2. d4 e6 3. c4 b6 4. g3 Bb7 5. Bg2 Bb4+ 6. Bd2 Bxd2+ 7. Nbxd2 O-O
8. Qc2 d5 9. Ne5 Nbd7 10. cxd5 Nxe5 11. dxe5 Nd7 12. O-O Bxd5 13. Bxd5 exd5
14. f4 c5 15. Nf3 Qe7 16. Rad1 d4 17. Rd2 Rad8 18. Rfd1 Nb8 19. Ng5 g6 20. Ne4
Kg7 21. Qa4 Qc7 22. Qa3 Nc6 23. g4 Na5 24. Qh3 h6 25. Qh4 Qc6 26. Nd6 f6
27. Rd3 fxe5 28. Qe7+ Kg8 29. Qe6+ Kh7 30. Qe7+ Kg8 31. fxe5 Qd7 32. Qh4 Qg7
33. Qg3 Nc6 34. e6 Ne5 35. Nf7 Nxd3 36. exd3 Rxf7 37. exf7+ Qxf7 38. Rf1 Qe7
39. Qe1 1/2-1/2

[Event "33. Potsdamer Weihnachtsturnier"]
[Site "Potsdam"]
[Date "2008.12.29"]
[Round "6.31"]
[White "Lehnert, Stefan"]
[Black "Scholz, Robert"]
[Result "1/2-1/2"]
[WhiteElo "1678"]
[BlackElo "1906"]
[PlyCount "39"]
[EventDate "2009.??.??"]
[WhiteTeam "SV Sangerhausen e. V."]
[BlackTeam "USV Potsdam e.V., Abt. Schach"]

1. d4 f5 2. c4 Nf6 3. g3 d6 4. Bg2 g6 5. Nc3 Bg7 6. Nh3 O-O 7. O-O e5 8. dxe5
dxe5 9. Qxd8 Rxd8 10. Nd5 Na6 11. Ne7+ Kf8 12. Nxc8 e4 13. Nxa7 Rxa7 14. f3 Kg8
15. Be3 b6 16. fxe4 Nxe4 17. Bxe4 fxe4 18. Rad1 Raa8 19. b3 Nb4 20. Rxd8+
1/2-1/2

[Event "33. Potsdamer Weihnachtsturnier"]
[Site "Potsdam"]
[Date "2008.12.29"]
[Round "6.32"]
[White "Hoerter, Philip"]
[Black "Binder, Thomas"]
[Result "1/2-1/2"]
[WhiteElo "1675"]
[BlackElo "1881"]
[PlyCount "54"]
[EventDate "2009.??.??"]
[WhiteTeam "Schachfreunde Schwerte 1951"]
[BlackTeam "SF Siemensstadt"]

1. e4 d5 2. exd5 Nf6 3. d4 Nxd5 4. c4 Nb4 5. a3 N4a6 6. b4 c6 7. Bb2 Nd7
8. Nf3 Nf6 9. Ne5 e6 10. f4 Bd6 11. Qf3 O-O 12. Bd3 Qe7 13. O-O Nc7 14. Nd2 a5
15. c5 Bxe5 16. fxe5 Nfd5 17. Ne4 Ne8 18. g4 f5 19. gxf5 exf5 20. Nd6 Be6
21. Kh1 g6 22. b5 Ndc7 23. Qe2 Bd5+ 24. Kg1 Qg5+ 25. Kf2 Qh4+ 26. Ke3 Qg5+
27. Kf2 Qh4+ 1/2-1/2

[Event "33. Potsdamer Weihnachtsturnier"]
[Site "Potsdam"]
[Date "2008.12.29"]
[Round "6.34"]
[White "Steppan, Siegfried"]
[Black "Mueller, Elke"]
[Result "0-1"]
[WhiteElo "1586"]
[BlackElo "2021"]
[PlyCount "100"]
[EventDate "2009.??.??"]
[WhiteTeam "SV Werder/H."]
[BlackTeam "SF Wadgassen/Differten e.V."]

1. d4 g6 2. c4 Bg7 3. Nf3 f5 4. Nc3 Nf6 5. e3 O-O 6. Bd3 d6 7. O-O Nbd7 8. Qc2
e5 9. Be2 e4 10. Nd2 c6 11. b3 d5 12. Ba3 Re8 13. Bd6 Nf8 14. c5 Re6 15. Bf4
Re8 16. b4 Ne6 17. Bd6 Ng5 18. b5 Nf7 19. Bg3 Bd7 20. bxc6 Bxc6 21. Nb5 Nh5
22. Bd6 Bxb5 23. Bxb5 Nxd6 24. cxd6 Re6 25. d7 a6 26. Rac1 axb5 27. Qc8 Rc6
28. Rxc6 bxc6 29. Qxc6 Nf6 30. Rc1 Nxd7 31. Qxd5+ Kh8 32. Nb3 b4 33. g3 Nf6
34. Qb7 Rb8 35. Qf7 Qe8 36. Qa7 Ra8 37. Qb7 Qb8 38. Qc6 h6 39. Qc2 Nd5 40. Nc5
Nc3 41. a4 Qg8 42. Ra1 Qc4 43. Kg2 Bf8 44. Nd7 Qe2 45. Qxe2 Nxe2 46. Nb6 Ra6
47. Nd7 Bd6 48. Nc5 Bxc5 49. dxc5 Nc3 50. a5 b3 0-1

[Event "33. Potsdamer Weihnachtsturnier"]
[Site "Potsdam"]
[Date "2008.12.29"]
[Round "6.35"]
[White "Rackowiak, Hans"]
[Black "Mohr, Horst"]
[Result "1-0"]
[WhiteElo "1998"]
[BlackElo "1599"]
[PlyCount "123"]
[EventDate "2009.??.??"]
[WhiteTeam "Potsdamer SV Mitte e.V."]
[BlackTeam "SC Caissa Falkensee e.V."]

1. d4 d5 2. Nf3 Nf6 3. Bf4 c6 4. c3 Bf5 5. e3 Nbd7 6. h3 h6 7. Be2 e6 8. Nbd2
Be7 9. Qb3 Qb6 10. O-O O-O 11. c4 c5 12. cxd5 Nxd5 13. Bh2 N7f6 14. Bc4 Rfd8
15. Bxd5 exd5 16. Qxb6 axb6 17. Bc7 Rdc8 18. Bxb6 Ra6 19. Bxc5 Bxc5 20. dxc5
Rxc5 21. Nb3 Rc8 22. Nfd4 Bd3 23. Rfd1 Bc4 24. Rdc1 Rca8 25. a3 Ne4 26. f3 Nd6
27. Nd2 Rb6 28. b3 Bd3 29. a4 Rba6 30. Rc5 Ra5 31. Rxa5 Rxa5 32. Rc1 Kf8
33. Rc3 Bh7 34. Kf2 g5 35. g4 Ke8 36. Nf1 Kd7 37. Ng3 Bg6 38. Ke2 Kd8 39. Ngf5
Bxf5 40. Nxf5 Nxf5 41. gxf5 d4 42. Rd3 Rxf5 43. Rxd4+ Kc7 44. b4 Rf6 45. h4 Rc6
46. Kd2 Rf6 47. hxg5 hxg5 48. Rg4 Rd6+ 49. Ke2 f6 50. f4 gxf4 51. Rxf4 Ra6
52. b5 Rd6 53. Rc4+ Kb6 54. Kf3 Rd1 55. Rd4 Rf1+ 56. Ke4 Ka5 57. Rd7 Kb6
58. Rf7 Rf2 59. Kd3 Rf1 60. e4 Rf2 61. e5 Rf5 62. Rxf6+ 1-0

[Event "33. Potsdamer Weihnachtsturnier"]
[Site "Potsdam"]
[Date "2008.12.29"]
[Round "6.36"]
[White "Scheide, Helmut"]
[Black "Bielick, Jakob"]
[Result "1/2-1/2"]
[WhiteElo "1991"]
[BlackElo "1576"]
[PlyCount "54"]
[EventDate "2009.??.??"]
[WhiteTeam "USV Potsdam e.V., Abt. Schach"]
[BlackTeam "USV Potsdam e.V., Abt. Schach"]

1. d4 d5 2. c4 e6 3. Nc3 Nf6 4. e3 c5 5. Nf3 Nc6 6. a3 cxd4 7. exd4 Be7 8. Bd3
a6 9. cxd5 Nxd5 10. O-O Bf6 11. Re1 O-O 12. Bc2 Nde7 13. Bg5 Bxg5 14. Nxg5 Nf5
15. Qg4 h6 16. Nf3 Ncxd4 17. Nxd4 Nxd4 18. Rad1 e5 19. Qe4 Bf5 20. Qxf5 Nxf5
21. Rxd8 Raxd8 22. Bxf5 Rd2 23. Rb1 Rfd8 24. Kf1 g6 25. Be4 R8d7 26. Ke1 R2d4
27. Rd1 Re7 1/2-1/2

[Event "33. Potsdamer Weihnachtsturnier"]
[Site "Potsdam"]
[Date "2008.12.29"]
[Round "6.37"]
[White "Grigoleit, Steven"]
[Black "Gotsche, Sven"]
[Result "1-0"]
[WhiteElo "1970"]
[BlackElo "1558"]
[PlyCount "181"]
[EventDate "2009.??.??"]
[WhiteTeam "SC Empor Potsdam 1952 e.V."]
[BlackTeam "SC Einheit Luckau, Abt. Schach"]

1. e4 e5 2. Nf3 Nc6 3. d4 exd4 4. Bc4 Be7 5. O-O d6 6. Nxd4 Nxd4 7. Qxd4 Nf6
8. Be3 O-O 9. f3 Nd7 10. Nc3 Bf6 11. Qd2 Ne5 12. Be2 Be6 13. Nd5 Bxd5 14. Qxd5
Nc6 15. c3 Qd7 16. Rfd1 Rfe8 17. Rab1 Re5 18. Qd2 Rae8 19. c4 Qe6 20. b4 b6
21. Qc2 Qe7 22. Rd5 Rxd5 23. cxd5 Nd4 24. Qd3 Nxe2+ 25. Qxe2 Bg5 26. Bxg5 Qxg5
27. Qd3 h5 28. Qa3 h4 29. Qc1 Qxc1+ 30. Rxc1 Rc8 31. f4 Kf8 32. Kf2 Ke7 33. Kf3
Kd7 34. b5 a5 35. Kg4 Rh8 36. Rc3 Re8 37. Re3 a4 38. a3 Ra8 39. Re2 Rh8 40. Rc2
g6 41. Rc4 f5+ 42. exf5 gxf5+ 43. Kxf5 Rh5+ 44. Ke4 Rh7 45. Rxa4 Rg7 46. Kf3
Ke7 47. Re4+ Kf6 48. Re6+ Kf7 49. Rh6 Kg8 50. Rxh4 Re7 51. Rh6 Re1 52. Re6 Rc1
53. Re4 Rc5 54. a4 Rxd5 55. Rc4 Rd3+ 56. Ke2 Ra3 57. Rxc7 Rxa4 58. Rc6 d5
59. Rxb6 Rxf4 60. Rd6 Rb4 61. Rxd5 Kf7 62. h3 Rb2+ 63. Kf3 Rb3+ 64. Kg4 Ke6
65. Rc5 Rb4+ 66. Kh5 Kd6 67. Rg5 Ke7 68. g4 Rb3 69. h4 Rb4 70. Kh6 Ra4 71. Rg6
Ra8 72. b6 Kf7 73. b7 Rh8+ 74. Kg5 Rb8 75. Rb6 Rg8+ 76. Kf5 Rb8 77. h5 Kg7
78. g5 Kf7 79. g6+ Kg7 80. Ke6 Kh6 81. Kd7 Kxh5 82. Kc7 Rxb7+ 83. Kxb7 Kh6
84. Kc7 Kg7 85. Kd7 Kf8 86. Ke6 Kg7 87. Kf5 Kf8 88. Kf6 Ke8 89. Rb7 Kd8 90. g7
Kc8 91. Rf7 1-0

[Event "33. Potsdamer Weihnachtsturnier"]
[Site "Potsdam"]
[Date "2008.12.29"]
[Round "6.38"]
[White "Koeckeritz, Dieter"]
[Black "Thiering, Dietmar"]
[Result "1/2-1/2"]
[WhiteElo "1852"]
[BlackElo "1489"]
[PlyCount "44"]
[EventDate "2009.??.??"]
[WhiteTeam "BSG 1827 Eckbauer e.V."]
[BlackTeam "ohne Verein"]

1. d4 Nf6 2. Bf4 g6 3. e3 Bg7 4. Be2 d6 5. h3 c6 6. Nf3 Nbd7 7. Nbd2 b6 8. O-O
Bb7 9. c4 O-O 10. Qc2 Rc8 11. Rac1 Re8 12. Qb1 d5 13. b4 Nh5 14. Bh2 a6
15. cxd5 cxd5 16. Rxc8 Qxc8 17. Rc1 Qa8 18. Rc7 Nhf6 19. Qc1 Rc8 20. a3 Rxc7
21. Qxc7 Qc8 22. Qxc8+ Bxc8 1/2-1/2

[Event "33. Potsdamer Weihnachtsturnier"]
[Site "Potsdam"]
[Date "2008.12.29"]
[Round "6.39"]
[White "Schilly, Hans-Joachim"]
[Black "Neumann, Horst"]
[Result "1-0"]
[WhiteElo "1829"]
[BlackElo "1438"]
[PlyCount "31"]
[EventDate "2009.??.??"]
[WhiteTeam "SF Siemensstadt"]
[BlackTeam "ESV Kirchmoeser e.V., Schachabt."]

1. c4 c5 2. Nc3 Nc6 3. Nf3 g6 4. g3 Bg7 5. Bg2 e6 6. e4 Nge7 7. O-O O-O 8. d3
Bxc3 9. bxc3 d6 10. Bh6 Re8 11. d4 Qc7 12. d5 exd5 13. cxd5 Na5 14. Qd3 b6
15. c4 Kh8 16. Qc3+ 1-0

[Event "33. Potsdamer Weihnachtsturnier"]
[Site "Potsdam"]
[Date "2008.12.29"]
[Round "6.40"]
[White "Kliem, Helmut"]
[Black "Heinrich, Philipp"]
[Result "1-0"]
[WhiteElo "1807"]
[BlackElo "1348"]
[PlyCount "91"]
[EventDate "2009.??.??"]
[WhiteTeam "SV Königsjäger Süd-West e.V."]
[BlackTeam "Schachverein Briesen e.V."]

1. e4 c5 2. Nf3 Nc6 3. Bb5 g6 4. O-O Bg7 5. c3 a6 6. Bxc6 dxc6 7. d3 f5 8. Be3
Qd6 9. g3 e5 10. Na3 b5 11. Re1 Nf6 12. exf5 Bxf5 13. Nxe5 O-O 14. d4 Bh3
15. f4 Qd5 16. Qf3 Qxf3 17. Nxf3 cxd4 18. Bxd4 Nd5 19. Bxg7 Kxg7 20. Nc2 Bg4
21. Ne5 Bf5 22. Nd4 c5 23. Nxf5+ Rxf5 24. Rad1 Rd8 25. Rd2 Rf6 26. Red1 Rfd6
27. c4 bxc4 28. Nxc4 R6d7 29. Ne5 Rd6 30. a4 Kf6 31. a5 Ke6 32. Re1 Kf6 33. Rc2
Rc8 34. Rec1 Ne3 35. Rxc5 Rxc5 36. Rxc5 Rd1+ 37. Kf2 Nf5 38. Rc6+ Rd6 39. Rxd6+
Nxd6 40. Ke3 Nb5 41. Nc6 Ke6 42. Nd4+ Nxd4 43. Kxd4 Kd6 44. Kc4 Kc6 45. b4 h6
46. g4 1-0

[Event "33. Potsdamer Weihnachtsturnier"]
[Site "Potsdam"]
[Date "2008.12.29"]
[Round "6.41"]
[White "Ulrich, Gert"]
[Black "Perestjuk, Marko"]
[Result "1-0"]
[WhiteElo "1779"]
[BlackElo "1269"]
[PlyCount "63"]
[EventDate "2009.??.??"]
[WhiteTeam "ESV Delitzsch"]
[BlackTeam "SC Zitadelle Spandau 1977 e.V."]

1. d4 d5 2. c4 e6 3. Nc3 c6 4. cxd5 exd5 5. Nf3 f5 6. a3 Bd6 7. Bg5 Nf6 8. e3
O-O 9. Bd3 Qe8 10. Bxf6 Rxf6 11. Qc2 Be6 12. O-O-O Nd7 13. Ne2 g6 14. h4 Rf7
15. h5 Nf6 16. hxg6 hxg6 17. Rh3 Rh7 18. Rdh1 Rxh3 19. Rxh3 Ne4 20. Nf4 Bxf4
21. exf4 Qe7 22. Ne5 g5 23. Rh8+ Kxh8 24. Ng6+ Kg7 25. Nxe7 Kf6 26. Nxf5 Bxf5
27. f3 Nd6 28. fxg5+ Kxg5 29. Qd2+ Kg6 30. g4 Bxd3 31. Qxd3+ Kg5 32. Qe3+ 1-0

[Event "33. Potsdamer Weihnachtsturnier"]
[Site "Potsdam"]
[Date "2008.12.29"]
[Round "6.42"]
[White "Schlueter, Sabrina"]
[Black "Fuchs, Dominik"]
[Result "0-1"]
[WhiteElo "1758"]
[BlackElo "1098"]
[PlyCount "154"]
[EventDate "2009.??.??"]
[WhiteTeam "Moellner SV"]
[BlackTeam "SC Zitadelle Spandau 1977 e.V."]

1. c4 Nf6 2. Nc3 e6 3. g3 c5 4. Bg2 g6 5. e3 Bg7 6. Nge2 Nc6 7. O-O O-O 8. a3
d5 9. cxd5 exd5 10. d4 c4 11. Nf4 Be6 12. h3 Na5 13. Qf3 Nb3 14. Ra2 Qd7 15. g4
Rad8 16. g5 Ne4 17. Nxe4 dxe4 18. Qe2 Bd5 19. Bd2 a5 20. Bc3 b5 21. h4 f6
22. Kh2 fxg5 23. hxg5 Qf5 24. Nh3 Rf7 25. Qe1 Bf8 26. Bxa5 Bd6+ 27. Kh1 Rdf8
28. Bb4 Qd7 29. Bxd6 Qxd6 30. Qe2 Be6 31. Nf4 Kh8 32. Bxe4 Bf5 33. Bxf5 Rxf5
34. Rg1 R8f7 {(=)} 35. a4 Qc6+ 36. Kh2 bxa4 37. d5 Qa6 38. Qd1 Rd7 39. Qg4 Rdf7
40. Rd1 Qa7 41. Kg3 Nc5 42. f3 Ne4+ 43. fxe4 Qxe3+ 44. Kh2 Rxf4 45. Ra3 Qxa3
46. Qxf4 Qxb2+ 47. Rd2 Rxf4 48. Rxb2 Rxe4 49. Rb4 a3 50. Ra4 Rd4 51. Rxa3 Rxd5
52. Ra8+ Kg7 53. Ra7+ Kf8 54. Rc7 Rxg5 55. Rxc4 h5 56. Rc7 Kg8 57. Kh3 Rg4
58. Ra7 Rf4 59. Rb7 Rf7 60. Rb5 Kg7 61. Kh4 Kh6 62. Rb6 Rf4+ 63. Kg3 Re4
64. Ra6 h4+ 65. Kh3 Kh5 66. Ra8 Re3+ 67. Kh2 g5 68. Ra4 h3 69. Rb4 g4 70. Rb8
Re2+ 71. Kh1 g3 72. Rh8+ Kg4 73. Rg8+ Kf3 74. Rf8+ Ke3 75. Re8+ Kf2 76. Rf8+
Ke1 77. Rf1+ Kd2 0-1

[Event "33. Potsdamer Weihnachtsturnier"]
[Site "Potsdam"]
[Date "2008.12.29"]
[Round "6.43"]
[White "Maslov, Maxim"]
[Black "Geike, Eberhard"]
[Result "1-0"]
[WhiteElo "1209"]
[BlackElo "1714"]
[PlyCount "61"]
[EventDate "2009.??.??"]
[WhiteTeam "SC Zitadelle Spandau 1977 e.V."]
[BlackTeam "SF Siemensstadt"]

1. e4 e5 2. Nf3 Nc6 3. Bc4 Be7 4. O-O d6 5. d4 exd4 6. Nxd4 Nf6 7. Nxc6 bxc6
8. Nc3 O-O 9. Re1 Bb7 10. e5 Ne8 11. Qe2 Kh8 12. exd6 Bxd6 13. b3 Qh4 14. h3
Nf6 15. Qf3 Rae8 16. Bb2 Ba8 17. Ne4 Nd7 18. Ng3 c5 19. Bxg7+ Kg8 20. Qc3 Qg5
21. Bxf8 Rxf8 22. Ne4 Qg6 23. Qd3 Kh8 24. Bd5 Ne5 25. Qd1 Nf3+ 26. Qxf3 Bxd5
27. Rad1 Ba8 28. Qf6+ Kg8 29. Qxg6+ hxg6 30. Nxd6 cxd6 31. Rxd6 1-0

[Event "33. Potsdamer Weihnachtsturnier"]
[Site "Potsdam"]
[Date "2008.12.29"]
[Round "6.46"]
[White "Werthmann, Nils"]
[Black "Lange, Werner"]
[Result "0-1"]
[WhiteElo "1123"]
[BlackElo "1763"]
[PlyCount "40"]
[EventDate "2009.??.??"]
[WhiteTeam "USV Potsdam e.V., Abt. Schach"]
[BlackTeam "SSV Rotation Berlin e.V."]

1. e4 e5 2. Nf3 Nc6 3. Bb5 a6 4. Bxc6 dxc6 5. O-O Bg4 6. h3 h5 7. Nc3 Bc5
8. d3 Qf6 9. Re1 Ne7 10. Be3 Bd4 11. Bxd4 exd4 12. e5 Qg6 13. Ne4 Bxh3 14. Ng3
h4 15. gxh3 hxg3 16. h4 Nf5 17. Ng5 Rxh4 18. Nf3 gxf2+ 19. Kxf2 Qg3+ 20. Ke2
Qg2# 0-1

[Event "33. Potsdamer Weihnachtsturnier"]
[Site "Potsdam"]
[Date "2008.12.29"]
[Round "6.47"]
[White "Mildenberger, Hans"]
[Black "Platzek, Rayk"]
[Result "0-1"]
[WhiteElo "1565"]
[BlackElo "1280"]
[PlyCount "50"]
[EventDate "2009.??.??"]
[WhiteTeam "BVG Helmholtz"]
[BlackTeam "SK Tempelhof 1931 e.V."]

1. e4 e5 2. Nf3 Nf6 3. Nxe5 d6 4. Nf3 Nxe4 5. d3 Nc5 6. Nc3 Bg4 7. Be2 Be7
8. d4 Ne6 9. d5 Nc5 10. Be3 O-O 11. Qd2 Bf5 12. O-O-O Nba6 13. h3 Ne4 14. Nxe4
Bxe4 15. Qd4 Nc5 16. Qd2 Qd7 17. Rdg1 Qa4 18. Kb1 Na6 19. a3 b5 20. Nd4 Rab8
21. Nc6 b4 22. Nxb4 Nxb4 23. axb4 Rxb4 24. Bd3 Rxb2+ 25. Kxb2 Rb8+ 0-1

[Event "33. Potsdamer Weihnachtsturnier"]
[Site "Potsdam"]
[Date "2008.12.29"]
[Round "6.48"]
[White "Piel, Robert"]
[Black "Nguyen Manh, Hoang"]
[Result "0-1"]
[WhiteElo "1122"]
[BlackElo "1306"]
[PlyCount "44"]
[EventDate "2009.??.??"]
[WhiteTeam "USC Magdeburg"]
[BlackTeam "USC Magdeburg"]

1. e4 e5 2. Nf3 Nc6 3. Bc4 Bc5 4. Nc3 d6 5. d3 Bg4 6. O-O Nf6 7. Bg5 Qd7
8. Qe2 Nd4 9. Qd1 Bxf3 10. gxf3 Qh3 11. Nd5 Nxd5 12. Bxd5 Nxf3+ 13. Qxf3 Qxf3
14. Bh4 g5 15. Bg3 h5 16. h3 Qxg3+ 17. Kh1 Qxh3+ 18. Kg1 g4 19. d4 Bxd4 20. Bc4
g3 21. Bxf7+ Kxf7 22. Rad1 Qh2# 0-1

[Event "33. Potsdamer Weihnachtsturnier"]
[Site "Potsdam"]
[Date "2008.12.29"]
[Round "6.49"]
[White "Koenig, Florian"]
[Black "Nguyen Manh, Phong"]
[Result "1-0"]
[WhiteElo "1281"]
[BlackElo "1009"]
[PlyCount "117"]
[EventDate "2009.??.??"]
[WhiteTeam "SK Tempelhof 1931 e.V."]
[BlackTeam "USC Magdeburg"]

1. e4 e5 2. Nf3 Nc6 3. Bc4 Nf6 4. Ng5 d5 5. exd5 Nxd5 6. Nxf7 Kxf7 7. Qf3+ Qf6
8. Bxd5+ Be6 9. Bxe6+ Kxe6 10. Qb3+ Kd7 11. Qxb7 Bc5 12. f3 a6 13. Qb3 Nd4
14. Qd3 Rhf8 15. Nc3 Kc8 16. Ne4 Qe7 17. Nxc5 Qxc5 18. c3 Nb5 19. Qxh7 Qe7
20. O-O Nd6 21. Qh3+ Kb7 22. d3 e4 23. dxe4 Nc4 24. Qh5 Ne5 25. f4 Nc6 26. e5
Qc5+ 27. Kh1 Nxe5 28. Bd2 Rad8 29. Rad1 Qc4 30. Be3 Rxd1 31. Qxd1 Rd8 32. Bd4
Nc6 33. Qf3 Kb8 34. Bxg7 Rd3 35. Qe2 Qd5 36. f5 Rd2 37. Qf3 Qc4 38. Rd1 Rxb2
39. f6 Qb5 40. f7 Rb1 41. f8=Q+ Ka7 42. Rxb1 Qxb1+ 43. Qf1 Qxa2 44. Q1f2+ Qxf2
45. Qxf2+ Kb7 46. h4 Ne7 47. h5 a5 48. h6 a4 49. c4 a3 50. Qf3+ c6 51. Qxa3 Ng6
52. Qd6 Nh4 53. Qe7+ Kb6 54. Qxh4 Kc5 55. h7 Kb4 56. h8=Q c5 57. Qb8+ Ka4
58. Qhg3 Ka5 59. Qb5# 1-0

[Event "33. Potsdamer Weihnachtsturnier"]
[Site "Potsdam"]
[Date "2008.12.29"]
[Round "6.52"]
[White "Lange, Georg"]
[Black "Maseela, Kirian"]
[Result "1-0"]
[WhiteElo "1133"]
[BlackElo "788"]
[PlyCount "47"]
[EventDate "2009.??.??"]
[WhiteTeam "USC Magdeburg"]
[BlackTeam "SSV Rotation Berlin e.V."]

1. e4 e5 2. Nf3 Nc6 3. Bb5 a6 4. Ba4 b5 5. Bb3 Bc5 6. Nc3 Nf6 7. d3 Ng4 8. O-O
Nd4 9. Nxd4 Qh4 10. h3 exd4 11. Nd5 Bd6 12. Qxg4 Qxg4 13. hxg4 h5 14. gxh5 Rxh5
15. Bf4 Bb7 16. Bxd6 O-O-O 17. Bg3 Rdh8 18. f3 Rh1+ 19. Kf2 Rxf1+ 20. Rxf1 c6
21. Ne7+ Kd8 22. Nf5 c5 23. Nd6 Kc7 24. Nxf7+ 1-0

[Event "33. Potsdamer Weihnachtsturnier"]
[Site "Potsdam"]
[Date "2008.12.29"]
[Round "6.53"]
[White "Mueller, David"]
[Black "Fahsel, Nico"]
[Result "0-1"]
[WhiteElo "888"]
[BlackElo "1130"]
[PlyCount "68"]
[EventDate "2009.??.??"]
[WhiteTeam "SF Wadgassen/Differten e.V."]
[BlackTeam "Schachverein Stroebeck"]

1. e4 c5 2. Nc3 d6 3. Be2 Nc6 4. Nf3 g6 5. d3 Bg7 6. Bd2 Nf6 7. Qc1 O-O 8. Bh6
Bxh6 9. Qxh6 Ng4 10. Qh4 Nce5 11. Ng5 Nf6 12. Nd5 Ned7 13. Bg4 h5 14. Bxd7 Nxd7
15. g4 Nf6 16. gxh5 Nxh5 17. Nf4 Nf6 18. Qh6 e6 19. Nxg6 fxg6 20. Qxg6+ Kh8
21. Rg1 Qe7 22. Rg3 e5 23. Rh3+ Bxh3 24. O-O-O Bd7 25. Qh6+ Nh7 26. Rg1 Rxf2
27. Kd1 Rg8 28. Qh4 Rf4 29. Qh5 Rxg5 30. Rxg5 Qxg5 31. Qxg5 Nxg5 32. Kc1 Nf3
33. Kb1 Nxh2 34. d4 Rf1# 0-1